Normal view MARC view
  • Misas Avella, Margarita

Entry Nombre Personal

Number of records used in: 1

001 - NUMERO DE CONTROL

  • campo de control: 59227

003 - IDENTIFICADOR DE NUMERO DE CONTROL

  • campo de control: MX-MxUPN

005 - FECHA Y HORA DE LA ÜLTIMA TRANSACCIÓN

  • campo de control: 20260409095554.0

008 - DATOS DE LONGITUD FIJA

  • campo de control de longitud fija: 260409|n ac|nnaabn | aaa d

040 ## - FUENTE DE CATALOGACIÓN

  • Agencia original de catalogación: MX-MxUPN
  • Lenguaje de catalogación: spa

100 1# - ENCABEZAMIENTO - NOMBRE PERSONAL

  • Nombre personal: Misas Avella, Margarita

670 ## - FUENTE EN LA QUE SE LOCALIZARON DATOS

  • Cita de la fuente: Literaturas otras para una escuela otra: una experiencia de aula basada en la pedagogía crítica, 2023 :
  • Información localizada: portada (Margarita Misas Avella)
  • Uniform Resource Identifier: http://hdl.handle.net/20.500.12209/18422

902 ## - CATALOGADOR

  • Catalogador: JohanaAllegre/090426